000 00645cab a22001935a 4500
001 L158776
008 150717e20150704xxk 000 0 eng d
035 _a(Sirsi) u158776
041 0 _aeng
100 1 _aHumphreys, Emma
245 0 0 _aDon't lose out
260 _c2015
490 _aEstates Gazette
_v(1524) 4 July 2015, 88-89(2)
520 _aOffers advice to landlords on how to preserve the right to forfeit. Includes information about cash flow, demanding and accepting rent and various other dealings with the premises and tenancy.
590 _aKA
651 4 _aUnited Kingdom
690 _aLandlord and tenant
_96252
942 _n0
999 _c84694
_d84694